[Event "4NCL 2023-24"]
[Site "England ENG"]
[Date "2023.11.11"]
[Round "1.6"]
[Board "3"]
[White "Berry, Neil"]
[Black "Zulfic, Fedja"]
[Result "1-0"]
[WhiteTitle "FM"]
[WhiteElo "2263"]
[BlackElo "2100"]
[WhiteTeam "Alba"]
[BlackTeam "Celtic Tigers 1"]
[WhiteFideId "2400650"]
[BlackFideId "3208427"]
[EventDate "2023.11.11"]

1. d4 Nf6 2. c4 g6 3. Nc3 d5 4. Nf3 Bg7 5. Qb3 dxc4 6. Qxc4 O-O 7. e4 Nc6 8. Be2
Bg4 9. d5 Na5 10. Qb4 Bxf3 11. Bxf3 c6 12. O-O Qb6 13. Qa4 Nd7 14. Rd1 Nc5 15.
Qc2 Qb4 16. Bg5 Rfe8 17. Rac1 Rac8 18. b3 Nd7 19. dxc6 Rxc6 20. e5 Rc7 21. e6
fxe6 22. Qe2 Ne5 23. Nd5 exd5 24. Rxc7 e6 25. Rxg7+ 1-0

[Event "4NCL 2023-24"]
[Site "England ENG"]
[Date "2023.11.11"]
[Round "1.6"]
[Board "4"]
[White "Quinn, John M"]
[Black "Gourlay, Iain"]
[Result "0-1"]
[BlackTitle "FM"]
[WhiteElo "2075"]
[BlackElo "2307"]
[WhiteTeam "Celtic Tigers 1"]
[BlackTeam "Alba"]
[WhiteFideId "405043"]
[BlackFideId "2401533"]
[EventDate "2023.11.11"]

1. d4 d5 2. c4 e6 3. Nc3 Nf6 4. cxd5 exd5 5. Bg5 c6 6. e3 h6 7. Bh4 Be7 8. Qc2
O-O 9. Bd3 Re8 10. Nf3 Ne4 11. Bg3 Nxg3 12. hxg3 Be6 13. Bh7+ Kf8 14. Bf5 Bf6
15. g4 c5 16. O-O-O Nc6 17. Bxe6 fxe6 18. dxc5 Qe7 19. g5 Bxg5 20. Nxg5 Qxg5 21.
Rh3 Kg8 22. Rg3 Qf6 23. Rf3 Qe5 24. Rg3 d4 25. exd4 Nxd4 26. Qg6 Rad8 27. Kb1
Ne2 28. Rxd8 Nxc3+ 29. Rxc3 Rxd8 30. Rc1 Rd2 31. Qe8+ Kh7 32. Qb5 Qe4+ 33. Ka1
Qc2 0-1

[Event "4NCL 2023-24"]
[Site "England ENG"]
[Date "2023.11.11"]
[Round "1.6"]
[Board "5"]
[White "McKay, Roderick M"]
[Black "Pedersen, Carsten"]
[Result "1/2-1/2"]
[WhiteTitle "IM"]
[WhiteElo "2179"]
[BlackElo "2046"]
[WhiteTeam "Alba"]
[BlackTeam "Celtic Tigers 1"]
[WhiteFideId "2400049"]
[BlackFideId "1409760"]
[EventDate "2023.11.11"]

1. d3 c5 2. f4 Nc6 3. Nf3 g6 4. c3 Bg7 5. e4 d6 6. Be2 e6 7. Be3 Nge7 8. Na3 O-O
9. h4 b5 10. Nxb5 Rb8 11. d4 a6 12. dxc5 dxc5 13. Nd6 Rxb2 14. e5 Qa5 15. Qc1
Rxa2 16. Rxa2 Qxa2 17. h5 Nf5 18. Nxf5 exf5 19. hxg6 hxg6 20. Ng5 Re8 21. Kf2
Be6 22. Qa1 Rb8 23. Nxe6 Qxe6 24. Rd1 Bf8 25. Qxa6 Rb2 26. Kf1 Ra2 27. Qb5 Ra5
28. Qb6 Ra2 29. Bxc5 Rxe2 30. Kxe2 Qc4+ 31. Rd3 Qxc5 32. Qxc5 Bxc5 33. Rd7 Ba3
34. Rc7 Ne7 35. Ra7 Bc5 36. Rc7 1/2-1/2

[Event "4NCL 2023-24"]
[Site "England ENG"]
[Date "2023.11.11"]
[Round "1.6"]
[Board "6"]
[White "Pein, Jonathan"]
[Black "Shafi, Declan"]
[Result "1-0"]
[WhiteTitle "FM"]
[WhiteElo "2235"]
[BlackElo "2224"]
[WhiteTeam "Celtic Tigers 1"]
[BlackTeam "Alba"]
[WhiteFideId "417092"]
[BlackFideId "2405156"]
[EventDate "2023.11.11"]

1. e4 e5 2. Nf3 Nc6 3. Bc4 Bc5 4. d4 Bxd4 5. Nxd4 Nxd4 6. Be3 Ne6 7. Bxe6 dxe6
8. Qh5 Nf6 9. Qxe5 Qd6 10. Qc3 Nxe4 11. Qxg7 Qf8 12. Qe5 Nd6 13. Nc3 Rg8 14. Nd5
Kd8 15. Bg5+ Rxg5 16. Qxg5+ Kd7 17. Nf6+ Kc6 18. Nxh7 1-0

[Event "4NCL 2023-24"]
[Site "England ENG"]
[Date "2023.11.11"]
[Round "1.6"]
[Board "7"]
[White "Swanson, Stephen"]
[Black "Duessler, Stefanie"]
[Result "1/2-1/2"]
[WhiteElo "2145"]
[BlackElo "2079"]
[WhiteTeam "Alba"]
[BlackTeam "Celtic Tigers 1"]
[WhiteFideId "2400251"]
[BlackFideId "4634780"]
[EventDate "2023.11.11"]

1. e4 c5 2. Nf3 e6 3. d3 Nc6 4. g3 g6 5. Bg2 Bg7 6. O-O Nge7 7. c3 e5 8. a3 a5
9. a4 O-O 10. Na3 d5 11. exd5 Nxd5 12. Re1 Re8 13. Nc4 Nb6 14. Nxb6 Qxb6 15. Ng5
Qc7 16. Be3 h6 17. Ne4 b6 18. Qf3 Re6 19. g4 Ba6 20. Qh3 g5 21. Rad1 Rd8 22. Bc1
Ne7 23. c4 Qd7 24. Nc3 Rd6 25. Be4 Bc8 26. f3 Bb7 27. Qf1 f5 28. gxf5 Nxf5 29.
Bxf5 Qxf5 30. Ne4 Rg6 31. Rd2 g4 32. fxg4 Rxg4+ 33. Ng3 Qg6 34. Re4 Bxe4 35.
dxe4 Rxd2 36. Bxd2 h5 37. Kf2 Qf6+ 38. Ke2 Qxf1+ 39. Kxf1 h4 40. Nf5 Rxe4 41. b3
Rg4 42. h3 Rg6 43. Ne7+ Kf7 44. Nxg6 Kxg6 45. Ke2 Kf5 46. Kf3 Bf6 47. Be1 Bg5
48. Bc3 Bf4 49. Be1 e4+ 50. Ke2 Bg3 51. Bc3 Bf4 52. Be1 Kg5 53. Bc3 Bc1 54. Be5
Bf4 55. Bc3 Kf5 56. Be1 Bg3 57. Bc3 Kf4 58. Bd2+ Ke5 59. Bc3+ Kf5 60. Bd2 Be5
61. Be1 Bf6 62. Bd2 Ke5 63. Bc3+ Kf5 64. Bd2 Be5 1/2-1/2

[Event "4NCL 2023-24"]
[Site "England ENG"]
[Date "2023.11.11"]
[Round "1.6"]
[Board "8"]
[White "Franco, Gaston"]
[Black "Lampard, Alice"]
[Result "1/2-1/2"]
[WhiteElo "2021"]
[BlackElo "1844"]
[WhiteTeam "Celtic Tigers 1"]
[BlackTeam "Alba"]
[WhiteFideId "117722"]
[BlackFideId "2402750"]
[EventDate "2023.11.11"]

1. e4 c5 2. Nf3 Nc6 3. d4 cxd4 4. Nxd4 g6 5. c4 Bg7 6. Be3 Qb6 7. Nb3 Qd8 8. Qd2
Nf6 9. Nc3 O-O 10. Be2 d6 11. O-O Bd7 12. f3 Rc8 13. Rac1 b6 14. Nd4 Nxd4 15.
Bxd4 Qc7 16. Rfd1 Be6 17. b3 Qb7 18. Be3 Rfe8 19. Bf1 Nd7 20. g3 Ne5 21. Bg2 Qd7
22. Ne2 Bh3 23. Nf4 Bxg2 24. Kxg2 Rcd8 25. a4 Qb7 26. Qd5 Qc6 27. Qxc6 Nxc6 28.
Nd5 Rc8 29. Nc3 Na5 30. Nb5 Nxb3 31. Nxa7 Ra8 32. Rb1 Rxa7 33. Rxb3 Rxa4 34.
Rxb6 Rxc4 35. Rb7 Rc2+ 36. Rd2 Rxd2+ 37. Bxd2 Kf8 38. h4 f5 39. Bg5 fxe4 40.
fxe4 Kf7 41. Kf3 Ke6 42. Kg4 Bf6 43. Bxf6 Kxf6 44. Kf4 Ra8 45. Rb5 Ra3 46. Rb8
h5 47. e5+ dxe5+ 48. Ke4 Rxg3 49. Rb6+ e6 50. Rxe6+ Kf7 51. Rxe5 Rg4+ 52. Kf3
Rxh4 53. Kg3 Ra4 54. Rb5 Rd4 55. Rb6 Re4 56. Ra6 Re6 57. Ra8 Kf6 58. Kf4 g5+ 59.
Kf3 Kf5 60. Rf8+ Rf6 61. Rg8 h4 62. Ra8 g4+ 63. Kg2 Kg5 64. Rg8+ Kf4 65. Rh8 h3+
66. Kh2 Rf5 67. Rg8 Kf3 68. Rg7 Rf4 69. Rg8 Rf5 70. Rg7 Kf4 71. Rg8 Re5 72. Rf8+
Kg5 73. Rg8+ Kh4 74. Rh8+ Rh5 75. Rg8 Rh6 76. Rg7 Rf6 77. Rh7+ Kg5 78. Rg7+ Kh5
79. Rh7+ Kg6 80. Rh8 Rf2+ 81. Kg1 Re2 82. Ra8 Kg5 83. Ra5+ Kf4 84. Ra8 Kf3 85.
Rf8+ Kg3 86. Rf1 Kh4 87. Rf4 Kg5 88. Rf8 Kh4 89. Rf4 Rg2+ 90. Kh1 Kg5 91. Rf5+
Kh4 92. Rh5+ Kg3 93. Rxh3+ Kf2 94. Rf3+ Ke2 95. Re3+ Kxe3 96. Kxg2 Kf4 97. Kf2
g3+ 98. Kg2 Kg4 99. Kg1 Kh4 100. Kg2 Kg4 101. Kg1 Kh3 102. Kh1 Kh4 103. Kg2 Kg4
104. Kg1 Kf3 105. Kf1 g2+ 106. Kg1 Kg3 1/2-1/2

[Event "4NCL 2023-24"]
[Site "England ENG"]
[Date "2023.11.12"]
[Round "2.1"]
[Board "1"]
[White "Csonka, Balazs"]
[Black "Ghasi, Ameet K"]
[Result "1/2-1/2"]
[WhiteTitle "IM"]
[BlackTitle "IM"]
[WhiteElo "2491"]
[BlackElo "2485"]
[WhiteTeam "Manx Liberty"]
[BlackTeam "The Sharks 1"]
[WhiteFideId "742910"]
[BlackFideId "409200"]
[EventDate "2023.11.11"]

1. e4 c5 2. Nf3 e6 3. d4 cxd4 4. Nxd4 Nf6 5. Nc3 Nc6 6. Ndb5 Bc5 7. Bf4 O-O 8.
Bc7 Qe7 9. Bd6 Bxd6 10. Qxd6 Qd8 11. O-O-O a6 12. Nd4 Ne7 13. Qg3 b5 14. e5 Ne8
15. Bd3 Bb7 16. Be4 Rb8 17. Qh4 Bxe4 18. Nxe4 Nd5 19. Qxd8 Rxd8 20. Rhe1 Rc8 21.
g3 f5 22. exf6 gxf6 23. Nb3 f5 24. Nec5 Nef6 25. Nxa6 Ra8 26. Nac5 Rxa2 27. f3
Rc8 28. g4 fxg4 29. fxg4 Ra7 30. Ne4 Nxe4 31. Rxe4 Rac7 32. Re2 Rf8 33. Nd4 b4
34. h3 Nf4 35. Re3 Rc4 36. Kb1 Nd5 37. Red3 Rf2 38. R3d2 Rxd2 39. Rxd2 Kg7 40.
Ka2 Kf6 41. Kb3 Rc8 42. Rf2+ Ke5 43. Nf3+ Kf6 1/2-1/2

[Event "4NCL 2023-24"]
[Site "England ENG"]
[Date "2023.11.12"]
[Round "2.1"]
[Board "2"]
[White "Roberson, Peter T"]
[Black "Jaracz, Pawel"]
[Result "0-1"]
[WhiteTitle "IM"]
[BlackTitle "GM"]
[WhiteElo "2424"]
[BlackElo "2467"]
[WhiteTeam "The Sharks 1"]
[BlackTeam "Manx Liberty"]
[WhiteFideId "412384"]
[BlackFideId "1102222"]
[EventDate "2023.11.11"]

1. e4 c5 2. Nf3 d6 3. d4 cxd4 4. Nxd4 Nf6 5. Nc3 a6 6. Rg1 e5 7. Nb3 Be6 8. g4
h6 9. Be3 Nbd7 10. f3 b5 11. h4 b4 12. Nd5 Bxd5 13. exd5 Nb6 14. Bxb6 Qxb6 15.
Rg2 Qe3+ 16. Re2 Qf4 17. Qd2 Qg3+ 18. Rf2 Be7 19. O-O-O O-O 20. Kb1 Qxh4 21. Na5
e4 22. Nc6 Rfe8 23. Rh2 Qg5 24. Qxg5 hxg5 25. Re2 a5 26. Rde1 Bf8 27. Bg2 Nxd5
28. Rxe4 Rec8 29. Nd4 g6 30. Bf1 Nf4 31. Nb5 d5 32. Rd4 Rc5 33. a4 bxa3 34. Nxa3
Rb8 35. Ra4 Bg7 36. b3 Bf6 37. Ka2 Bc3 38. Rd1 Ne6 39. Nb1 Bf6 40. c4 Nd4 41.
Nd2 Nc6 42. Kb1 Be5 43. Bd3 Nb4 44. Be2 Kg7 45. Ra3 Bf4 46. cxd5 Rc2 47. Rxa5
Bxd2 48. Ra4 Bc3 49. Rxb4 Rb2+ 50. Kc1 Rxb4 51. Bc4 Ra2 52. Rd3 Bf6 53. d6 Rb8
54. b4 Rc8 55. Kb1 Rb2+ 0-1

[Event "4NCL 2023-24"]
[Site "England ENG"]
[Date "2023.11.12"]
[Round "2.1"]
[Board "3"]
[White "Parligras, Mircea-Emilian"]
[Black "Fernandez, Daniel Howard"]
[Result "0-1"]
[WhiteTitle "GM"]
[BlackTitle "GM"]
[WhiteElo "2543"]
[BlackElo "2532"]
[WhiteTeam "Manx Liberty"]
[BlackTeam "The Sharks 1"]
[WhiteFideId "1204297"]
[BlackFideId "5801605"]
[EventDate "2023.11.11"]

1. d4 d5 2. c4 c6 3. Nf3 Nf6 4. e3 Bg4 5. h3 Bxf3 6. Qxf3 e6 7. Nc3 Nbd7 8. Bd3
g6 9. Bd2 a6 10. cxd5 exd5 11. g4 Bg7 12. h4 h5 13. g5 Ng8 14. e4 Ne7 15. exd5
cxd5 16. Nxd5 O-O 17. Nf6+ Bxf6 18. gxf6 Nc6 19. O-O-O Rc8 20. Kb1 Nde5 21. Qg3
Nxd3 22. Qxd3 Qxf6 23. Bc3 Qf4 24. Rhe1 Rfe8 25. a3 Na7 26. d5 Nb5 27. Bd2 Qc7
28. Bb4 Rxe1 29. Rxe1 Nd6 30. Qd4 Nf5 31. Qf6 Qd8 32. Qe5 Kh7 33. Bc3 b6 34. Rd1
Qxh4 35. d6 Qa4 36. Rd5 Re8 37. d7 Rxe5 38. d8=Q Re8 39. Qd7 Qxd7 40. Rxd7 Kg8
41. Bf6 h4 42. Kc2 Kh7 43. Rxf7+ Kh6 44. Bc3 Kg5 45. Kd3 Kf4 46. Rh7 Kf3 47. Bf6
Re1 48. Rh8 Rh1 49. Rg8 Rg1 50. Rh8 Rg4 51. Rb8 h3 52. Be5 Re4 53. Bh2 Rd4+ 54.
Kc3 Kg2 55. Be5 Re4 56. Bc7 b5 57. b3 Re6 58. Kb4 Ne7 0-1

[Event "4NCL 2023-24"]
[Site "England ENG"]
[Date "2023.11.12"]
[Round "2.1"]
[Board "4"]
[White "Grieve, Harry"]
[Black "Bobras, Piotr"]
[Result "1-0"]
[WhiteTitle "IM"]
[BlackTitle "GM"]
[WhiteElo "2470"]
[BlackElo "2428"]
[WhiteTeam "The Sharks 1"]
[BlackTeam "Manx Liberty"]
[WhiteFideId "426520"]
[BlackFideId "1106880"]
[EventDate "2023.11.11"]

1. e4 c5 2. Nf3 Nc6 3. Bb5 e5 4. O-O Bd6 5. d3 Nf6 6. Nc3 a6 7. Bc4 O-O 8. a4
Be7 9. Nd5 Nxd5 10. Bxd5 d6 11. c3 Bf6 12. Be3 Ne7 13. Ba2 b6 14. d4 cxd4 15.
cxd4 exd4 16. Bxd4 Ng6 17. Bd5 Rb8 18. Qd2 Bg4 19. Ra3 Ne5 20. Nxe5 dxe5 21. Be3
h6 22. h3 Be6 23. Rd3 Bxd5 24. Rxd5 Qe7 25. Rc1 Qb7 26. b4 b5 27. a5 Rbc8 28.
Rxc8 Qxc8 29. Bc5 Rd8 30. Bb6 Rxd5 31. exd5 Qd7 32. d6 e4 33. Qd5 g6 34. Bc5 Kg7
35. Qxe4 h5 36. Qd5 g5 37. Bd4 Bxd4 38. Qxd4+ Kg6 39. g4 hxg4 40. hxg4 f6 41.
Qd3+ Kf7 42. Qh7+ Ke6 43. Qf5+ Kxd6 44. Qxf6+ Kd5 45. Qxg5+ Kc4 46. Qf4+ Kb3 47.
g5 Qc6 48. Kh2 Ka4 49. f3 Qc2+ 50. Kg3 Qb1 51. Kg4 Qg1+ 52. Kf5 Qb1+ 53. Qe4 Qc1
54. g6 Qh6 55. f4 Qh8 56. Kg4 Qh2 57. Kg5 Qg3+ 58. Kf6 Qc3+ 59. Qe5 Qc6+ 60. Kf5
Qd7+ 61. Kg5 Kxb4 62. g7 Qf7 63. f5 Kxa5 64. Kh6 1-0

[Event "4NCL 2023-24"]
[Site "England ENG"]
[Date "2023.11.12"]
[Round "2.1"]
[Board "5"]
[White "Cyborowski, Lukasz"]
[Black "Slaby, Jerzy"]
[Result "1/2-1/2"]
[WhiteTitle "GM"]
[BlackTitle "IM"]
[WhiteElo "2484"]
[BlackElo "2469"]
[WhiteTeam "Manx Liberty"]
[BlackTeam "The Sharks 1"]
[WhiteFideId "1108760"]
[BlackFideId "1121405"]
[EventDate "2023.11.11"]

1. c4 Nf6 2. Nc3 g6 3. g3 Bg7 4. Bg2 O-O 5. e4 c5 6. Nge2 Nc6 7. d3 d6 8. O-O
Ne8 9. Be3 Nc7 10. d4 cxd4 11. Nxd4 Ne6 12. Nde2 Nc5 13. b3 a5 14. Rc1 a4 15.
Bxc5 dxc5 16. Qxd8 Rxd8 17. Nxa4 Rd2 18. Nec3 Bd4 19. Rcd1 Rc2 20. Nb5 e5 21.
Nxd4 cxd4 22. Nb6 Rb8 23. Ra1 Be6 24. Rfc1 Rb2 25. Rcb1 Rc2 26. Rc1 Rb2 27. Rcb1 1/2-1/2

[Event "4NCL 2023-24"]
[Site "England ENG"]
[Date "2023.11.12"]
[Round "2.1"]
[Board "6"]
[White "Rendle, Thomas E"]
[Black "Galyas, Miklos"]
[Result "1/2-1/2"]
[WhiteTitle "IM"]
[BlackTitle "GM"]
[WhiteElo "2378"]
[BlackElo "2396"]
[WhiteTeam "The Sharks 1"]
[BlackTeam "Manx Liberty"]
[WhiteFideId "408760"]
[BlackFideId "707244"]
[EventDate "2023.11.11"]

1. d4 d5 2. c4 e6 3. Nf3 h6 4. g3 Nf6 5. Bg2 Bd6 6. O-O O-O 7. Qc2 b6 8. Nc3 Bb7
9. cxd5 exd5 10. Nb5 Nc6 11. Nxd6 cxd6 12. Bd2 Ne4 13. Rfc1 b5 14. Be1 Qb6 15.
e3 Rac8 16. Qb3 Na5 17. Bxa5 1/2-1/2

[Event "4NCL 2023-24"]
[Site "England ENG"]
[Date "2023.11.12"]
[Round "2.1"]
[Board "7"]
[White "Kolbus, Dietmar"]
[Black "Moreby, James"]
[Result "1/2-1/2"]
[WhiteTitle "IM"]
[BlackTitle "FM"]
[WhiteElo "2231"]
[BlackElo "2260"]
[WhiteTeam "Manx Liberty"]
[BlackTeam "The Sharks 1"]
[WhiteFideId "4610628"]
[BlackFideId "427756"]
[EventDate "2023.11.11"]

1. Nf3 d5 2. d4 c6 3. c3 Nf6 4. Bf4 Nh5 5. Bc1 g6 6. Nbd2 Nf6 7. g3 Bg7 8. Bg2
O-O 9. O-O Re8 10. Re1 Nbd7 11. e4 dxe4 12. Nxe4 Nxe4 13. Rxe4 Nf6 14. Re1 Qb6
15. Qe2 Bg4 16. h3 Bxf3 17. Bxf3 Rad8 18. Qc2 e6 19. Qb3 Qxb3 20. axb3 a6 21.
Kg2 Rd7 22. Re2 h6 23. Bd2 Red8 24. Be1 Ne8 25. Be4 Nc7 26. Rc1 Re8 27. Bc2 e5
28. dxe5 Rxe5 29. Rxe5 Bxe5 30. Rd1 Rxd1 31. Bxd1 Ne6 32. Bd2 Kg7 33. Bc2 a5 34.
Be3 Bd6 35. f4 Bc5 36. Bd2 f5 37. Bd3 Kf6 38. Bc4 Bb6 39. Kf3 Nc5 40. g4 Ne6 41.
Be1 g5 42. Bxe6 Kxe6 43. Bd2 Kf6 44. fxg5+ hxg5 45. gxf5 Kxf5 1/2-1/2

[Event "4NCL 2023-24"]
[Site "England ENG"]
[Date "2023.11.12"]
[Round "2.1"]
[Board "8"]
[White "Hryshchenko, Kamila"]
[Black "Barpiyeva, Gulsana"]
[Result "1-0"]
[BlackTitle "WFM"]
[WhiteElo "2186"]
[BlackElo "2013"]
[WhiteTeam "The Sharks 1"]
[BlackTeam "Manx Liberty"]
[WhiteFideId "14147491"]
[BlackFideId "4664353"]
[EventDate "2023.11.11"]

1. e4 c5 2. d3 g6 3. Be2 Bg7 4. f4 d6 5. Nf3 Nc6 6. O-O e6 7. Nc3 Nge7 8. Qe1
Nd4 9. Bd1 Nec6 10. Kh1 O-O 11. Qg3 b5 12. Ng5 b4 13. Nb1 a5 14. c3 bxc3 15.
bxc3 Nb5 16. Ba4 Rb8 17. Bd2 Ne7 18. Bb3 h6 19. Nf3 Kh7 20. Bc2 f5 21. Re1 Na7
22. Na3 Ba6 23. Qh3 Qd7 24. Bb3 d5 25. exf5 exf5 26. Ng5+ Kg8 27. Ne6 Rfc8 28.
Qe3 Bf6 29. Nxc5 Rxc5 30. Qxc5 Bxd3 31. Qxa5 Be4 32. Rad1 Nec6 33. Qa4 Nc8 34.
Nc2 Nb6 35. Qa6 Nc4 36. Nb4 Nxb4 37. Qxf6 Nd3 38. Re2 Rb6 39. Qd4 Qc7 40. Be3
Nxe3 41. Qxe3 Nxf4 42. Rf2 g5 43. Qd4 Rc6 44. Rxf4 gxf4 45. Bxd5+ Bxd5 46. Qxd5+
Kh8 47. Re1 Rg6 48. Re8+ Kh7 49. Qxf5 Qd6 50. Re1 Kg7 51. c4 Rg5 52. Qe4 Kf6 53.
Rf1 Rf5 54. g4 Rg5 55. Rxf4+ Kg7 56. Qd4+ Qxd4 57. Rxd4 Re5 58. Rd2 Re4 59. Rc2
Rxg4 60. Rg2 1-0

[Event "4NCL 2023-24"]
[Site "England ENG"]
[Date "2023.11.12"]
[Round "2.2"]
[Board "1"]
[White "Jones, Gawain C B"]
[Black "Zwirs, Nico"]
[Result "1/2-1/2"]
[WhiteTitle "GM"]
[BlackTitle "IM"]
[WhiteElo "2618"]
[BlackElo "2480"]
[WhiteTeam "Chessable White Rose 1"]
[BlackTeam "Cheddleton"]
[WhiteFideId "409561"]
[BlackFideId "1036432"]
[EventDate "2023.11.11"]

1. c4 e6 2. g3 d5 3. Bg2 Nf6 4. Nf3 Be7 5. O-O O-O 6. d4 c6 7. Nc3 b6 8. Ne5 Bb7
9. e4 dxc4 10. Nxc4 Ba6 11. b3 b5 12. Ne3 b4 13. Ne2 Bxe2 14. Qxe2 Qxd4 15. Bb2
Qb6 16. Rfd1 Nbd7 17. Rac1 Rfd8 18. Qc2 Qc5 19. Nc4 Nb6 20. e5 Ne8 21. Be4 g6
22. Qe2 Rxd1+ 23. Qxd1 Rd8 24. Qf3 Nxc4 25. Rxc4 Qa5 26. Bxc6 Qxa2 27. Bd4 Ng7
28. g4 h5 29. h3 Qd2 30. Qe4 Qd1+ 31. Kg2 Qxb3 32. Bxa7 hxg4 33. hxg4 Qd3 34.
Qxd3 Rxd3 35. Be4 Rc3 36. Rxc3 bxc3 37. Kf3 Ne8 38. Bb6 Bg5 39. Ke2 f5 40. exf6 1/2-1/2

[Event "4NCL 2023-24"]
[Site "England ENG"]
[Date "2023.11.12"]
[Round "2.2"]
[Board "2"]
[White "Pert, Nicholas"]
[Black "Rowson, Jonathan"]
[Result "1/2-1/2"]
[WhiteTitle "GM"]
[BlackTitle "GM"]
[WhiteElo "2527"]
[BlackElo "2527"]
[WhiteTeam "Cheddleton"]
[BlackTeam "Chessable White Rose 1"]
[WhiteFideId "403989"]
[BlackFideId "2400561"]
[EventDate "2023.11.11"]

1. d4 Nf6 2. Nf3 e6 3. c4 b6 4. a3 Ba6 5. Qc2 Bb7 6. Nc3 c5 7. e4 cxd4 8. Nxd4
Bc5 9. Nf3 Nc6 10. b4 Nd4 11. Qd2 Nxf3+ 12. gxf3 Be7 13. Rg1 g6 14. Bb2 d6 15.
O-O-O a6 16. Qe3 Qc7 17. Kb1 O-O 18. f4 Rfe8 19. Be2 a5 20. e5 dxe5 21. fxe5 Nd7
22. Nb5 Qc6 23. Nd6 axb4 24. axb4 Bxd6 25. exd6 e5 26. h4 Re6 27. f3 Rxd6 28. h5
Re8 29. hxg6 fxg6 30. Rc1 Qa4 31. Qc3 Nf6 32. Rcd1 Rd4 33. Rxd4 exd4 34. Qxd4
Rxe2 35. Qxf6 Qc2+ 36. Ka1 Qa4+ 1/2-1/2

[Event "4NCL 2023-24"]
[Site "England ENG"]
[Date "2023.11.12"]
[Round "2.2"]
[Board "3"]
[White "Han, Yichen"]
[Black "Kirk, Ezra"]
[Result "1/2-1/2"]
[WhiteTitle "IM"]
[BlackTitle "IM"]
[WhiteElo "2414"]
[BlackElo "2407"]
[WhiteTeam "Chessable White Rose 1"]
[BlackTeam "Cheddleton"]
[WhiteFideId "1054430"]
[BlackFideId "600067"]
[EventDate "2023.11.11"]

1. d4 Nf6 2. c4 e6 3. Nf3 d5 4. g3 dxc4 5. Bg2 c5 6. O-O Nc6 7. dxc5 Qxd1 8.
Rxd1 Bxc5 9. Nbd2 c3 10. bxc3 O-O 11. Nb3 Be7 12. Nfd4 Bd7 13. Nxc6 Bxc6 14.
Bxc6 bxc6 15. Be3 Nd5 16. Bd4 c5 17. Nxc5 Nxc3 18. Bxc3 Bxc5 19. Bd4 Bxd4 20.
Rxd4 Rfc8 21. a4 Rab8 22. Rd7 a5 23. Rad1 g5 24. Ra7 Rc5 25. Rdd7 Rf5 26. e4 Rf3
27. Rd2 h6 28. Ra2 Rb4 29. Rxa5 Rxe4 30. Rb5 Rc3 31. a5 g4 32. Rb1 Rcc4 33. Rba1
Rc7 34. a6 Ra7 35. Ra4 Rxa4 36. Rxa4 Kf8 37. Kf1 Ke7 38. Ke2 Kd6 39. Kd3 Kd5 40.
Ra5+ Kd6 41. Ke4 h5 42. Kf4 f6 43. Rxh5 f5 44. h3 1/2-1/2

[Event "4NCL 2023-24"]
[Site "England ENG"]
[Date "2023.11.12"]
[Round "2.2"]
[Board "4"]
[White "Pert, Richard G"]
[Black "Wells, Peter K"]
[Result "1-0"]
[WhiteTitle "IM"]
[BlackTitle "GM"]
[WhiteElo "2411"]
[BlackElo "2351"]
[WhiteTeam "Cheddleton"]
[BlackTeam "Chessable White Rose 1"]
[WhiteFideId "404748"]
[BlackFideId "400327"]
[EventDate "2023.11.11"]

1. d4 Nf6 2. Nf3 d5 3. Bf4 c5 4. e3 Nc6 5. Nbd2 cxd4 6. exd4 Bf5 7. Bb5 Qb6 8.
c4 dxc4 9. a4 Bd3 10. Ne5 e6 11. Ndxc4 Bb4+ 12. Bd2 Bxd2+ 13. Qxd2 Bxc4 14. Nxc4
Qc7 15. Ne5 O-O 16. Bxc6 bxc6 17. Rc1 c5 18. Rxc5 Qb7 19. f3 Rab8 20. Nc6 Rbc8
21. Qc2 Nd5 22. Kf2 Rxc6 23. Rxc6 Nb4 24. Rc7 Qb6 25. Qc4 Nd5 26. Rc8 Qxb2+ 27.
Kg3 g6 28. Re1 h5 29. Re2 Qb1 30. Qc1 Qd3 31. Rxf8+ Kxf8 32. Qh6+ Ke7 33. Rb2
Qxd4 34. Rb7+ Ke8 35. Qh8+ Qxh8 36. Rb8+ Kd7 37. Rxh8 Ne7 38. Rf8 Nf5+ 39. Kf4
Nd6 40. Ke5 a5 41. Ra8 Kc7 42. Kf6 Kb6 43. Ke7 1-0

[Event "4NCL 2023-24"]
[Site "England ENG"]
[Date "2023.11.12"]
[Round "2.2"]
[Board "5"]
[White "Camacho Collados, Jose"]
[Black "Hebden, Mark L"]
[Result "1-0"]
[WhiteTitle "IM"]
[BlackTitle "GM"]
[WhiteElo "2370"]
[BlackElo "2386"]
[WhiteTeam "Chessable White Rose 1"]
[BlackTeam "Cheddleton"]
[WhiteFideId "2265427"]
[BlackFideId "400084"]
[EventDate "2023.11.11"]

1. Nf3 Nf6 2. d4 g6 3. Bg5 Bg7 4. Nbd2 O-O 5. c3 d6 6. e4 c5 7. dxc5 dxc5 8. Bc4
Nc6 9. O-O Qc7 10. a4 h6 11. Bxf6 Bxf6 12. Re1 Bg7 13. Qe2 a6 14. e5 Bg4 15. h3
Bxf3 16. Nxf3 e6 17. h4 h5 18. Qe4 Rfd8 19. g4 hxg4 20. Qxg4 Na5 21. Ba2 Qb6 22.
h5 gxh5 23. Qxh5 c4 24. Ng5 Rd7 25. Rad1 Rad8 26. Rd4 Re7 27. Rg4 Qxb2 28. Ne4 1-0

[Event "4NCL 2023-24"]
[Site "England ENG"]
[Date "2023.11.12"]
[Round "2.2"]
[Board "6"]
[White "Eggleston, David J"]
[Black "Palliser, Richard J D"]
[Result "1-0"]
[WhiteTitle "IM"]
[BlackTitle "IM"]
[WhiteElo "2341"]
[BlackElo "2375"]
[WhiteTeam "Cheddleton"]
[BlackTeam "Chessable White Rose 1"]
[WhiteFideId "412120"]
[BlackFideId "407372"]
[EventDate "2023.11.11"]

1. c4 c5 2. Nf3 Nc6 3. Nc3 e5 4. g3 g6 5. Bg2 Bg7 6. d3 Nge7 7. Nd2 d6 8. Nf1 a6
9. Ne3 Rb8 10. a4 O-O 11. Ned5 Nxd5 12. Nxd5 Ne7 13. Bg5 f6 14. Bd2 Nxd5 15.
Bxd5+ Kh8 16. h4 h5 17. a5 f5 18. Bg5 Qe8 19. Qd2 Be6 20. e4 Bxd5 21. cxd5 b5
22. Qe2 f4 23. g4 f3 24. Qf1 hxg4 25. Qg1 c4 26. Qxg4 cxd3 27. h5 Kg8 28. Be3
gxh5 29. Rxh5 Qc8 30. Qg6 Rf6 31. Qh7+ Kf8 32. Rc1 Qe8 33. Rc7 Qg6 34. Rxg7 Qxg7
35. Qh8+ 1-0

[Event "4NCL 2023-24"]
[Site "England ENG"]
[Date "2023.11.12"]
[Round "2.2"]
[Board "7"]
[White "Turner, Max N"]
[Black "Boswell, Jacob Connor"]
[Result "0-1"]
[WhiteTitle "CM"]
[WhiteElo "2269"]
[BlackElo "2254"]
[WhiteTeam "Chessable White Rose 1"]
[BlackTeam "Cheddleton"]
[WhiteFideId "447722"]
[BlackFideId "427110"]
[EventDate "2023.11.11"]

1. d4 Nf6 2. c4 g6 3. g3 Bg7 4. Bg2 O-O 5. Nc3 d6 6. Nf3 c5 7. O-O Nc6 8. e3 a6
9. Qe2 Bg4 10. Rd1 Qc8 11. Na4 Rb8 12. h3 Bxh3 13. Bxh3 Qxh3 14. dxc5 dxc5 15.
Nxc5 Qh5 16. Nb3 Rbd8 17. Bd2 Ne4 18. Kg2 Ng5 19. Ng1 Qxe2 20. Nxe2 Bxb2 21.
Rab1 Ba3 22. Nbd4 Rd7 23. Nxc6 bxc6 24. Ba5 Rxd1 25. Rxd1 Bd6 26. Nd4 c5 27. Nb3
Rb8 28. f3 Ne6 29. Rd5 f6 30. e4 Kf7 31. Kf2 Nd4 32. Nxc5 Rb2+ 33. Ke3 Nc6 34.
Bc3 Rxa2 35. f4 Rc2 36. Na4 Ra2 37. Nc5 Rg2 38. e5 Rxg3+ 39. Kf2 Rxc3 40. exd6
e6 41. Rd2 Rxc4 42. Nxa6 Ke8 43. Kf3 Kd7 44. Rh2 Rc3+ 45. Kg4 h5+ 0-1